000 01952cam a22005054i 4500
003 PE-LiUPU
005 20250731173351.0
008 150706s2009 txua rb 000 0 eng d
020 _a9781602581807
035 _a(Sirsi) i9781602581807
040 _aPE-LiUPU
_bspa
_cPE-LiUPU
_erda
049 _aPRUA
082 0 4 _a220.6
_bR
_221
245 0 0 _aReading the Bible intertextually /
_ceditado por Richerd B. Hays, Stefan Alkier y Leroy A. Huizenga.
264 1 _aWaco, Texas :
_bBaylor University Press,
_c2009.
300 _a334 páginas :
_bilustraciones ;
_c24 centímetros
336 _atext
_2rdacontent
337 _aunmediated
_2rdamedia
338 _avolume
_2rdacarrier
504 _aIncluye referencias bibliográficas.
505 0 _aIntroduction -- Intertextual Interpretation of Biblical Texts -- Intertextual Interpretation outside the Boundaries of the Canon -- Semiotics, Intertextuality, and New Testament Studies.
526 _aSEG42
526 _aSEG41
526 _aSEG40
526 _aSEG39
526 _aP94
526 _aP87
526 _aP86
526 _aP85
526 _aP77
526 _aP76
526 _aP35
630 _aBiblia
_xCrítica textual
_vCongresos.
650 0 4 _aIntertextualidad en la biblia
_vCongresos.
700 1 _aAlkier, Stefan,
_eeditor.
700 1 _aHays, Richard B.,
_eeditor.
700 1 _aHuizenga, Leroy A.,
_eeditor.
910 _agl
_bjv
_cjvm
_d20100413
942 _2ddc
_cBOOK
949 _a220.6 R
_wDEWEY
_c1
_i61264
_d2015-11-17
_e2015-11-16
_lCCODEBUL1
_mBUL
_n11
_p40.00
_r0
_sY
_tBOOK
_u2015-7-6
_xTEOLOGIA
_zUNKNOWN
_0COMPRA
_o.STAFF. Colección General
994 _aC0
_bPEPRU
596 _a1
999 _a220.6 R
_wDEWEY
_c50529
_i61264
_d50529
_e2019-5-19
_f2021-11-9
_g5
_lCCODEBUL1
_mBUL
_n16
_p40.00
_q2
_r0
_sY
_tBOOK
_u2015-7-6
_xTEOLOGIA
_PP35
_0COMPRA
_o.STAFF. Colección Teología
980 _81
_gALBERTO SANCHEZ Responsable de Automatización